|
|
|
|
| LEADER |
00000cam a22000004a 4500 |
| 001 |
musev2_4182 |
| 003 |
MdBmJHUP |
| 005 |
20230905040520.0 |
| 006 |
m o d |
| 007 |
cr||||||||nn|n |
| 008 |
120529r20091967ilu o 00 0 eng d |
| 020 |
|
|
|a 9780809386680
|
| 020 |
|
|
|z 0809386682
|
| 020 |
|
|
|z 9780809329410
|
| 020 |
|
|
|z 0809329417
|
| 035 |
|
|
|a (OCoLC)794383766
|
| 040 |
|
|
|a MdBmJHUP
|c MdBmJHUP
|
| 100 |
1 |
|
|a Macready, William Charles,
|d 1793-1873.
|
| 245 |
1 |
4 |
|a The Journal of William Charles Macready, 1832-1851 /
|c abridged and edited by J.C. Trewin.
|
| 250 |
|
|
|a Pbk. ed.
|
| 264 |
|
1 |
|a Carbondale :
|b Southern Illinois University Press,
|c 2009.
|
| 264 |
|
3 |
|a Baltimore, Md. :
|b Project MUSE,
|c 2019
|
| 264 |
|
4 |
|c ©2009.
|
| 300 |
|
|
|a 1 online resource (358 pages):
|b illustrations
|
| 336 |
|
|
|a text
|b txt
|2 rdacontent
|
| 337 |
|
|
|a computer
|b c
|2 rdamedia
|
| 338 |
|
|
|a online resource
|b cr
|2 rdacarrier
|
| 500 |
|
|
|a Originally published: London : Longman, 1967.
|
| 588 |
|
|
|a Description based on print version record.
|
| 600 |
1 |
7 |
|a Macready, William Charles,
|d 1793-1873.
|2 fast
|0 (OCoLC)fst00283973
|
| 600 |
1 |
0 |
|a Macready, William Charles,
|d 1793-1873
|v Diaries.
|
| 650 |
|
7 |
|a Actors.
|2 fast
|0 (OCoLC)fst00796296
|
| 650 |
|
7 |
|a PERFORMING ARTS
|x Acting & Auditioning.
|2 bisacsh
|
| 650 |
|
0 |
|a Actors
|z Great Britain
|v Diaries.
|
| 651 |
|
7 |
|a Great Britain.
|2 fast
|0 (OCoLC)fst01204623
|
| 655 |
|
7 |
|a Diaries
|2 fast
|0 (OCoLC)fst01423794
|
| 655 |
|
7 |
|a Electronic books.
|2 local
|
| 700 |
1 |
|
|a Trewin, J. C.
|q (John Courtenay),
|d 1908-1990.
|
| 710 |
2 |
|
|a Project Muse.
|e distributor
|
| 830 |
|
0 |
|a Book collections on Project MUSE.
|
| 856 |
4 |
0 |
|z Texto completo
|u https://projectmuse.uam.elogim.com/book/4182/
|
| 945 |
|
|
|a Project MUSE - Custom Collection
|